Vitesse Virtuelle. La cyberculture aujourd'hui (Record n. 90284)
[ formato base ]
| 000 -LEADER | |
|---|---|
| fixed length control field | 02317nam a2200349Ia 4500 |
| 001 - CONTROL NUMBER | |
| control field | G9284 |
| 003 - CONTROL NUMBER IDENTIFIER | |
| control field | IT-RoPAU |
| 008 - FIXED-LENGTH DATA ELEMENTS--GENERAL INFORMATION | |
| fixed length control field | 130308s9999 xx 000 0 und d |
| 040 ## - CATALOGING SOURCE | |
| Original cataloging agency | IT-RoPAU |
| 040 ## - CATALOGING SOURCE | |
| Transcribing agency | IT-RoPAU |
| 041 ## - LANGUAGE CODE | |
| Language code of text/sound track or separate title | FRANCESE |
| 100 ## - MAIN ENTRY--PERSONAL NAME | |
| Personal name | Dery Mark |
| 100 ## - MAIN ENTRY--PERSONAL NAME | |
| Miscellaneous information | Codice Aut. SPICS: 49974 |
| 240 ## - UNIFORM TITLE | |
| Uniform title | ESCAPE VELOCITY-CYBERCULTURE AT THE END OF THE CENTURY |
| 240 ## - UNIFORM TITLE | |
| Miscellaneous information | Codice Tit. Orig. Spics: T3114 |
| 242 ## - TRANSLATION OF TITLE BY CATALOGING AGENCY | |
| Title | VELOCITA' DI fuga - CYBERCULTURA a FINE MILLENNIO |
| 242 ## - TRANSLATION OF TITLE BY CATALOGING AGENCY | |
| Number of part/section of a work | Cod. Traduzione Titolo: E9357 |
| 242 ## - TRANSLATION OF TITLE BY CATALOGING AGENCY | |
| Language code of translated title | ITA |
| 245 ## - TITLE STATEMENT | |
| Title | Vitesse Virtuelle. La cyberculture aujourd'hui |
| 245 ## - TITLE STATEMENT | |
| Remainder of title | Vitesse Virtuelle. La cyberculture Aujourd'Hui |
| 250 ## - EDITION STATEMENT | |
| Edition statement | 1a ed. |
| 260 ## - PUBLICATION, DISTRIBUTION, ETC. (IMPRINT) | |
| Place of publication, distribution, etc. | PARIS |
| 260 ## - PUBLICATION, DISTRIBUTION, ETC. (IMPRINT) | |
| Name of publisher, distributor, etc. | Abbeville |
| 260 ## - PUBLICATION, DISTRIBUTION, ETC. (IMPRINT) | |
| Date of publication, distribution, etc. | 1997 [1° Ed.:1997 - Ed.Ling.Originale:1996] |
| 300 ## - PHYSICAL DESCRIPTION | |
| Extent | "368 p. (prefazione: no ; testo: 368 [pagine: 0-0])" |
| 500 ## - GENERAL NOTE | |
| General note | "Velocità Virtuale: Cybercultura Oggi. Velocità di Liberazione: breve Storia del Computer e di Internet; Loro Effetti Sulla Vita Quotidiana. Cyberdelia: Controcultura, Tecnocultura; Ideologia del Periodico Mondo 2000. Cyberia di Douglas Rushkoff. Deus Ex Machina: Technopaganesimo, Magia e rituali Sul Computer, Musica Techno, Rock Industriale, Gioco Interattivo Myst, Confusione tra Reale e virtuale e ritorno del Sacro nel Computer. Metal Machinemusic: Cyberpunk, Musica Elettronica. Elliott Sharp: Musicista del Cervello. Nine Inch Nail: Sesso, Morte, Dio e la Tecnologia. Miti delle Origini. Agitpop: ribellione degli Anni 60 e Decadenza del Rock. Arte Dello Spettacolo meccanico e dei Robot: Mark Pauline: un Teatro della Crudeltà Heavy Metal; fabbrica del Dissenso; Chico Macmurtrie: Verso una robotica Verde; Brettgoldstone: Alchimia della Cassa dei Rifiuti; regno magico e Manicomio Pirotecnico. riti Meccanici: Body Art Cibernetica, Robocopulazione: Sesso, tecnologia e Futuro: Macchine Sessuali, Riproduzione Meccanica, Cybersesso. Politica cyborg del Corpo: Obsolescenza Corporea ed Esseri Postumani, Storie Innaturali; Terminator 2; Tatuaggi Biomeccanici; rischi del Postumanesimo; Teologia del Seggiolino Eiettabile: intervista con L'Ideologo del Postumanesimo: Hans Moravec." |
| 650 ## - SUBJECT ADDED ENTRY--TOPICAL TERM | |
| Topical term or geographic name as entry element | SAGGI SULLA MULTIMEDIALITA' |
| 650 ## - SUBJECT ADDED ENTRY--TOPICAL TERM | |
| Relator term | Codice materia Spics: 4257 |
| 942 ## - ADDED ENTRY ELEMENTS (KOHA) | |
| Koha item type | LIBRO |
| 957 ## - | |
| -- | 1 |
| 999 ## - SYSTEM CONTROL NUMBERS (KOHA) | |
| -- | 1 |
| Withdrawn status | Lost status | Damaged status | Not for loan | Home library | Current library | Date acquired | Total Checkouts | Full call number | Date last seen | Price effective from | Koha item type | Public note |
|---|---|---|---|---|---|---|---|---|---|---|---|---|
| Buone Condizioni | Not For Loan | SPICS-MEDIATECA | SPICS-MEDIATECA | 08/03/2013 | G9284 | 08/03/2013 | 08/03/2013 | LIBRO | Progressivo inserimento: 20336 / N. Volumi: 1 Copie: 1 / data import: 1 marzo 2013 - By Epidotti, Trombetti, Vaglietti. |